000 00646nam a22001937a 4500
005 20251108175948.0
008 250721s2022 xx 000 0 ara d
082 1 4 _a649.1/ميل
100 1 _aميلور، كين
245 1 0 _aفن تربية الابناء :
_bالدليل العلمي للتربية السليمة للابناء /
250 _aط.2
264 1 _aالجيزة :
_bدار الفاروق للاستثمارات،
_c2022.
300 _a527ص.
650 1 7 _aتربية الاطفال
650 1 7 _aالتنشئة الاجتماعية
650 1 7 _aالاباء والامهات
942 _2ddc
_cBK
999 _c146546
_d146546